| 000 | 00876cam a22002531 4500 | ||
|---|---|---|---|
| 001 | gs 54000094 | ||
| 003 | DLC | ||
| 005 | 20260227111401.0 | ||
| 008 | 840806s1953 fr abf b 000 0 fre c | ||
| 010 | _ags 54000094 | ||
| 035 | _a(OCoLC)11024625 | ||
| 040 |
_aU. S. Geol. Survey Libr. _cNmU _dDLC |
||
| 042 | _apremarc | ||
| 050 | 0 | 0 |
_aQE268.A35 _bS7 |
| 100 | 1 | _aSoyer, Robert. | |
| 245 | 1 | 0 | _aGéologie de Paris. |
| 260 |
_aParis, _bImpr. nationale, _c1953. |
||
| 300 |
_a610 p. _billus., 6 plates, maps (5 fold. col. in pocket) 4 fold. diagrs., tables. _c32 cm. |
||
| 440 | 0 | _aMémoires pour servir à l'explication de la carte géologique détaillée de la France | |
| 500 | _aAt head of title: Ministère de l'industrie et de l'énergie. | ||
| 504 | _a"Bibliographie": p. 561-582. | ||
| 650 | 0 |
_aGeology _zFrance _zParis. |
|
| 650 | 0 |
_aPaleontology _zFrance _zParis. |
|
| 999 |
_c28840 _d28840 |
||